000 00596nam a2200229Ia 4500
003 OSt
005 20220918203800.0
006 a|||||r|||| 00| 0
007 ta
008 220917b |||||||| |||| 00| 0 eng d
024 _a109,800
037 _cTextual
040 _aARTS
_cARTS
_beng
041 _2eng
_aeng
082 _aV41:1:C, L2
100 _aTreistman Judith M
_9109764
245 0 _aPrehistory of China
_b an archeological exploration
260 _c1972
650 _aHISTORY
942 _hV41:1:C, L2
_cTEXL
_2CC
999 _c233150
_d233150